| 000 | 01480nam a2200241Ia 4500 | ||
|---|---|---|---|
| 003 | Ost | ||
| 005 | 20260507075042.0 | ||
| 008 | 260507s9999||||xx |||||||||||||| ||und|| | ||
| 020 | _a×977531240 | ||
| 040 | _cfsecg | ||
| 041 | _aara | ||
| 082 | _a330 | ||
| 100 |
_aمحمد ، السيد خلف _eمؤلف |
||
| 245 | 0 |
_aإيجار وبيع المحل التجاري والتنازل على المحال التجارية والصناعية والمهنية : _b شرح أحكام بيع المحل التجاري و الصناعي وفقا لقانون رقم 11لسنة 1940 و بيعه بالجدك و شروطه وفقا لقانون رقم 17لسنة 1999... و قواعد تاجير الاماكن المؤجرة لمزاولة نشاط تجاري او صناعي أو مهني أو حرفي بالقانون رقم 6 لسنة 1997 و لائحته التنفيذية في ضوء الفق / _c السيد خلف محمد |
|
| 260 |
_aالقاهرة: _bدار محمود للنشر, _c2001 |
||
| 300 |
_a656 صفحة؛ _bإيضاحات ؛ _c24 سم |
||
| 504 | _aملاحق ص.612 | ||
| 520 | _aالمحل التجاري وخصائصه وعناصره، بيع المحل التجاري وآثاره وضمانات البائع، بيع المحل التجاري بالجدك، ايجار المحل التجاري والصناعي والمهني | ||
| 653 | _aالايجارات | ||
| 653 | _aالبيع | ||
| 653 | _aالمحل التجاري | ||
| 942 | _cكتاب | ||
| 999 |
_c42524 _d42524 |
||